Symposion 1993 : Vorträge zur griechischen und hellenistischen Rechtsgeschichte (Graz - Andritz, 12. - 16. September 1993) /

محفوظ في:

مؤلفون آخرون: Thür, Gerhard.

التنسيق: كتاب

اللغة: German
English
French
Italian

منشور في: Köln : Böhlau Verlag, 1994.

سلاسل: Akten der Gesellschaft für Griechische und Hellenistische Rechtsgeschichte ; 10.

الموضوعات:

الوسوم: إضافة وسم

لا توجد وسوم, كن أول من يضع وسما على هذه التسجيلة!

رقم الطلب: DF87 .S97 1993

LEADER 01186namaa2200301 4500
001 22163
003 OSt
005 20251223133246.0
008 130303s1994 gw a b 101 0 ger d
020 |a 3412048941 
040 |c ARCE Library 
041 0 |a ger  |a eng  |a fre  |a ita  
050 4 |a DF87 .S97 1993 
245 0 0 |a Symposion 1993 :  |b Vorträge zur griechischen und hellenistischen Rechtsgeschichte (Graz - Andritz, 12. - 16. September 1993) /  |c herausgegeben von Gerhard Thür. 
246 3 |a Vorträge zur griechischen und hellenistischen Rechtsgeschichte : Symposion 1993. 
264 1 |a Köln :   |b Böhlau Verlag,   |c 1994. 
300 |a x, 287 pages :  |b illustrations ;  |c 24 cm. 
490 1 |a Akten der Gesellschaft für Griechische und Hellenistische Rechtsgeschichte ;   |v 10. 
504 |a Includes bibliographical references and index. 
546 |a German, English, French, and Italian.  
555 |a Sara.lib 
650 0 |a Law, Greek  |v Congresses.  
650 0 |a Roman law  |v Congresses. 
700 1 |a Thür, Gerhard.  |9 41108 
830 0 |a Akten der Gesellschaft für Griechische und Hellenistische Rechtsgeschichte ;   |v 10. 
901 |a reviewed 
942 |c BK  |2 lcc 
999 |c 20765  |d 20765